[Event "Le Touquet op-B 20th"]
[Site "Le Touquet"]
[Date "2005.10.23"]
[Round "1"]
[White "Defebver, Joffrey"]
[Black "Sauvage, Thierry"]
[Result "0-1"]
[WhiteElo "1170"]
[BlackElo "1450"]
[PlyCount "80"]
[EventDate "2005.10.22"]
[EventType "swiss"]
[EventRounds "9"]
[EventCountry "FRA"]
[SourceTitle "EXT 2006"]
[Source "ChessBase"]
[SourceDate "2005.11.24"]
[SourceVersion "1"]
[SourceVersionDate "2005.11.24"]
[SourceQuality "1"]

1. c4 c5 2. Nc3 e5 3. Nf3 Nc6 4. b3 d6 5. Bb2 Nf6 6. g3 Be7 7. Bg2 e4 8. Ng5 Ng4 9. Nh3 Bf6 10. Bxe4 Bd7 11. 0-0 0-0 12. Bb1 Re8 13. Qc2 g6 14. f3 Nge5 15. Ne4 Nd4 16. Bxd4 Nxf3+ 17. Rxf3 Bxd4+ 18. Kh1 Bxa1 19. Nxd6 Bxh3 20. Nxf7 Rxe2 21. Qd1 Bg2+ 22. Kg1 Bd4+ 23. Rf2 Bxf2+ 24. Kxg2 Be3+ 25. Qxe2 Qxd2 26. Kf3 Rf8 27. Qxe3 Rxf7+ 28. Bf5 Rxf5+ 29. Ke4 Qc2+ 30. Qd3 Re5+ 31. Kxe5 Qxd3 32. h4 Qf5+ 33. Kd6 Kf8 34. a4 Ke8 35. g4 Qf8+ 36. Ke5 b6 37. h5 g5 38. h6 Qf4+ 39. Kd5 Qxg4 40. Kc6 Qd7# 0-1